000
00216nam a2200097Ia 4500
008
190216s9999||||xx |||||||||||||| ||und||
100
_a
Dostoyevsky
245
0
_a
Maryadakkaranaya Kallan
260
_b
Null
942
_c
BK
999
_c
23988
_d
23988